Philip Rivers Touchdown Passes - Statistics

General Stats
  • This quiz has been taken 7 times
  • The average score is 12 of 47
Answer Stats
Hint Answer % Correct
TE - 89 Antonio Gates
86%
WR - 33 Keenan Allen
86%
RB - 7 LaDainian Tomlinson
71%
RB Jonathan Taylor
57%
WR Michael Pittman
57%
WR - 12 Mike Williams
57%
WR - 17 Tyrell Williams
57%
WR - 37 Vincent Jackson
57%
RB - 11 Melvin Gordon
43%
TE - 2 Mo Alie-Cox
43%
RB Ryan Mathews
43%
WR - 3 Vincent Brown
43%
RB - 14 Austin Ekeler
29%
WR - 10 Chris Chambers
29%
RB - 13 Danny Woodhead
29%
WR - 16 Eddie Royal
29%
TE - 17 Hunter Henry
29%
TE - 3 Jack Doyle
29%
TE - 7 Ladarius Green
29%
FB Lorenzo Neal
29%
WR - 34 Malcom Floyd
29%
RB/FB - 5 Mike Tolbert
29%
WR - 3 Stevie Johnson
29%
TE Virgil Green
29%
WR - 2 Craig Davis
14%
RB - 11 Darren Sproles
14%
WR - 7 Dontelle Inman
14%
TE Kris Wilson
14%
WR - 3 Legedu Naanee
14%
WR - 3 Seyi Ajirotutu
14%
WR - 9 Travis Benjamin
14%
WR - 5 T.Y. Hilton
14%
RB Branden Oliver
0%
TE - 5 Brandon Manumaleuna
0%
WR - 7 Danario Alexander
0%
TE - 3 Dante Rosario
0%
RB Jackie Battle
0%
RB/FB - 3 Jacob Hester
0%
TE - 2 John Phillips
0%
WR Kelley Washington
0%
RB - 4 Nyheim Hines
0%
WR - 2 Patrick Crayton
0%
TE - 2 Randy McMichael
0%
WR - 2 Robert Meachem
0%
TE - 3 Trey Burton
0%
RB Troymaine Pope
0%
WR - 5 Zach Pascal
0%
No matching quizzes found
Score Distribution
Percent of People with Each Score
Percentile by Number Answered
Your Score History
You have not taken this quiz